000 00302 a2200121 4500
999 _c321839
_d321839
001 86766
003 NUST
005 20180123115131.0
008 180123b xxu||||| |||| 00| 0 eng d
082 _a303.48 HUS
100 _aIrfan Hussain
_99611
245 _aFatal Faultlines: Pakistan, Islam and the west
260 _aHarper Collins
_bIndia
_c2012
300 _a238p.
942 _aCAE NUST
_cBK
_k303.48 HUS
_2ddc